000 00785nam0a22002531 4500
001 rc\209346
005 20030307114230.9
010 _a5-620-00495-3
_91000
035 _a(NLR Aleph) 005459946
090 _a4945673
_c4945673
100 _a20030307d1991 u |0rusy50 ca
101 0 _arus
102 _aRU
105 _ay |||||||||
200 1 _aОт подрядной бригады до акционерного предприятия
_eСправ. пособие
210 _aАлма-Ата
_cКайнар
_d1991
215 _a175, [1] с.
_d21
320 _aБиблиогр.: с. 174
700 1 _aЧелекпаев
_bЯ. Д.
_gЯнварь Дутпаевич
801 0 _aRU
_bNLR
_gpsbo
801 1 _aRU
_bELAR
_2rusmarc
852 _aNLR
_j91-3/6037
942 _cBOOK
980 _aNB